000 00616nam a22001697a 4500
999 _c19817
_d19817
008 240323b ||||| |||| 00| 0 eng d
020 _a0024183407
082 _aDC 808.0427
_bSu5 1984
100 _aSullivan, Kathleen E.
_955249
245 _aParagraph practice :
_bwriting the paragraph and the short composition /
_cKathleen E. Sullivan.
250 _a5th edition.
260 _aNew York :
_bMacmillan Publishing Co., Inc.,
_c©1984.
300 _axii, 196 pages :
_billustrations ;
_c25 cm.
650 _aEnglish language
_xRhetoric.
_955748
650 _aEnglish language
_xParagraphs.
_92520
942 _2ddc
_cDC